00000000nam 2200000zi 4500
0019.928259
003CaOODSP
00520250206125414
006m     o  d f      
007cr mn|||||||||
008231005s2022    onc     o    f000 0 fre d
040 |aCaOODSP|bfre|erda|cCaOODSP
043 |an-cn---
0861 |aA104-337/2022F-PDF
24503|aLe Règlement sur la salubrité des aliments au Canada : |bce que les petites entreprises doivent savoir.
264 1|a[Ottawa] : |bAgence canadienne d'inspection des aliments = Canadian Food Inspection Agency, |c[2022]
300 |a1 ressource en ligne (1 page)
336 |atexte|btxt|2rdacontent/fre
337 |ainformatique|bc|2rdamedia/fre
338 |aressource en ligne|bcr|2rdacarrier/fre
500 |aPublié aussi en anglais sous le titre : The Safe Food for Canadians Regulations : what small businesses need to know.
500 |a« ACIA P1018F-19. »
650 6|aAliments|xSécurité|xRèglements|zCanada.
650 6|aAliments|xIndustrie et commerce|xSécurité|xRèglements|zCanada.
650 6|aPetites et moyennes entreprises|zCanada.
7102 |aAgence canadienne d'inspection des aliments, |eorganisme de publication.
77508|tThe Safe Food for Canadians Regulations : |w(CaOODSP)9.928258
77508|tKanadalılar için Güvenli Gıda Mevzuatı : |w(CaOODSP)9.928269
77508|t[Le Règlement sur la salubrité des aliments au Canada] : |w(CaOODSP)9.928274
77508|t[Le Règlement sur la salubrité des aliments au Canada] : |w(CaOODSP)9.928278
77508|t[Le Règlement sur la salubrité des aliments au Canada] : |w(CaOODSP)9.928279
77508|tBestimmungen über sichere Lebensmittel für Kanadierinnen und Kanadier : |w(CaOODSP)9.928280
77508|t[Le Règlement sur la salubrité des aliments au Canada] : |w(CaOODSP)9.928282
77508|t[Le Règlement sur la salubrité des aliments au Canada] : |w(CaOODSP)9.928284
77508|tRegulamento Canadense de Segurança dos Alimentos : |w(CaOODSP)9.928295
77508|tReglamento sobre la salubridad de los alimentos en Canadá : |w(CaOODSP)9.928301
77508|t[Le Règlement sur la salubrité des aliments au Canada] : |w(CaOODSP)9.928306
77508|tKanadalılar için Güvenli Gıda Mevzuatı : |w(CaOODSP)9.928308
85640|qPDF|s119 Ko|uhttps://publications.gc.ca/collections/collection_2023/acia-cfia/A104-337-2022-fra.pdf
986 |aP1018F-19